[Event "Kstovo Chess Hopes op"]
[Site "Kstovo"]
[Date "2015.06.29"]
[Round "6"]
[White "Belitzky, Dmitri G"]
[Black "Teterin, Sergey"]
[Result "1-0"]
[WhiteElo "2004"]
[BlackElo "2028"]
[PlyCount "71"]
[EventDate "2015.06.24"]
[EventType "swiss"]
[EventRounds "9"]
[EventCountry "RUS"]
[SourceTitle "CBM 167 Extra"]
[Source "ChessBase"]
[SourceDate "2015.09.14"]
[SourceVersion "1"]
[SourceVersionDate "2015.09.14"]
[SourceQuality "1"]

1. e4 c6 2. d4 d5 3. e5 Bf5 4. g4 Be4 5. f3 Bg6 6. h4 h5 7. g5 e6 8. Nh3 Bf5 9. Nf4 Ne7 10. Bd3 Bxd3 11. Qxd3 g6 12. Be3 Nf5 13. Bf2 Qb6 14. b3 a5 15. Nc3 Nd7 16. Na4 Qc7 17. 0-0 Be7 18. Rfe1 0-0 19. c4 dxc4 20. bxc4 Rfd8 21. Qe4 Nf8 22. d5 cxd5 23. cxd5 exd5 24. Nxd5 Qc6 25. Nab6 Rab8 26. Rac1 Qb5 27. a4 Qb2 28. Rc7 Bb4 29. Nf6+ Kg7 30. Nxh5+ Kh8 31. Rb1 Qd2 32. Rxf7 Qd3 33. Nf6 Qxe4 34. fxe4 Ng7 35. Rc1 Nfe6 36. Nfd7 1-0

[Event "Kstovo Chess Hopes op"]
[Site "Kstovo"]
[Date "2015.06.27"]
[Round "4"]
[White "Antonova, Anastasia"]
[Black "Teterin, Sergey"]
[Result "1-0"]
[WhiteElo "1768"]
[BlackElo "2028"]
[PlyCount "39"]
[EventDate "2015.06.24"]
[EventType "swiss"]
[EventRounds "9"]
[EventCountry "RUS"]
[SourceTitle "CBM 167 Extra"]
[Source "ChessBase"]
[SourceDate "2015.09.14"]
[SourceVersion "1"]
[SourceVersionDate "2015.09.14"]
[SourceQuality "1"]

1. Nf3 d5 2. c4 e6 3. g3 Nf6 4. b3 Be7 5. Bb2 0-0 6. Bg2 c5 7. cxd5 exd5 8. d4 b6 9. 0-0 Bb7 10. Nc3 Nc6 11. Rc1 Ne4 12. Na4 Bf6 13. dxc5 Bxb2 14. Nxb2 bxc5 15. Na4 Qd6 16. Nd2 Nxd2 17. Qxd2 Nd4 18. Nxc5 Qe5 19. e3 Nxb3 20. axb3 1-0

[Event "Kstovo Chess Hopes op"]
[Site "Kstovo"]
[Date "2015.06.25"]
[Round "2"]
[White "Deulin, Evgeny"]
[Black "Teterin, Sergey"]
[Result "1-0"]
[WhiteElo "1549"]
[BlackElo "2028"]
[PlyCount "63"]
[EventDate "2015.06.24"]
[EventType "swiss"]
[EventRounds "9"]
[EventCountry "RUS"]
[SourceTitle "CBM 167 Extra"]
[Source "ChessBase"]
[SourceDate "2015.09.14"]
[SourceVersion "1"]
[SourceVersionDate "2015.09.14"]
[SourceQuality "1"]

1. Nf3 d5 2. c4 c6 3. d4 Nf6 4. Nc3 g6 5. Bf4 Bg7 6. e3 0-0 7. Bd3 dxc4 8. Bxc4 Nd5 9. Be5 Nf6 10. h4 Nbd7 11. Bf4 Nb6 12. Bb3 h5 13. Qc2 Nbd5 14. Nxd5 Nxd5 15. Be5 Qa5+ 16. Kf1 Be6 17. Bxg7 Kxg7 18. Ng5 Bd7 19. e4 Nf6 20. e5 Nd5 21. Qe2 Bf5 22. Kg1 Qb4 23. Rd1 Rad8 24. Nf3 Bg4 25. Qe4 Bf5 26. Qe2 a5 27. Ng5 a4 28. Bxd5 Rxd5 29. Qe3 Rfd8 30. e6 f6 31. Nf7 Bxe6 32. Nxd8 1-0

[Event "Kstovo Chess Hopes op"]
[Site "Kstovo"]
[Date "2013.06.27"]
[Round "8"]
[White "Teterin, Sergey"]
[Black "Gorozhanin, Mikhail"]
[Result "0-1"]
[WhiteElo "2028"]
[BlackElo "2311"]
[PlyCount "92"]
[EventDate "2013.06.24"]
[EventType "swiss"]
[EventRounds "9"]
[EventCountry "RUS"]
[SourceTitle "EXT 2018"]
[Source "ChessBase"]
[SourceDate "2017.10.13"]
[SourceVersion "1"]
[SourceVersionDate "2017.10.13"]
[SourceQuality "1"]

1. e4 c5 2. Nf3 g6 3. c3 Bg7 4. d4 cxd4 5. cxd4 d5 6. e5 Nh6 7. h3 0-0 8. Be2 Nc6 9. 0-0 f6 10. exf6 Rxf6 11. Nc3 Rf8 12. Qb3 e6 13. Bg5 Qb6 14. Qxb6 axb6 15. Rad1 Nf5 16. Be3 Nb4 17. Bd3 Bd7 18. Bxf5 Rxf5 19. a3 Nc6 20. Nh4 Rh5 21. Nf3 Rf8 22. Ne2 Rxh3 23. gxh3 Rxf3 24. Kg2 Rf8 25. f4 Ne7 26. Rc1 Bb5 27. Rfe1 Nc6 28. Nc3 Bc4 29. Na4 Bd3 30. Red1 Be4+ 31. Kh2 g5 32. Nxb6 gxf4 33. Bf2 Rf7 34. Na4 e5 35. Nc5 exd4 36. Ne6 d3 37. Rg1 Bg6 38. Nxg7 Kxg7 39. Rcd1 Kf6 40. Be1 Ke5 41. Bd2 Nd4 42. Bc3 Ke4 43. Bxd4 Kxd4 44. Rd2 Ke3 45. Rgg2 Be4 46. Rgf2 Rc7 0-1

[Event "Kstovo Chess Hopes op"]
[Site "Kstovo"]
[Date "2012.07.??"]
[Round "7"]
[White "Jevtushenko, VV."]
[Black "Teterin, Sergey"]
[Result "0-1"]
[WhiteElo "1928"]
[BlackElo "2111"]
[PlyCount "54"]
[EventDate "2012.07.??"]
[EventType "swiss"]
[EventRounds "9"]
[EventCountry "RUS"]
[SourceTitle "EXT 2014"]
[Source "ChessBase"]
[SourceDate "2013.11.20"]
[SourceVersion "1"]
[SourceVersionDate "2013.11.20"]
[SourceQuality "1"]

1. Nc3 d5 2. d4 c6 3. Nf3 Nf6 4. Bf4 h6 5. e3 Bf5 6. Ne5 e6 7. Bd3 Bxd3 8. Qxd3 Nbd7 9. 0-0 Nh5 10. Nxd7 Qxd7 11. Be5 Nf6 12. h3 Bd6 13. f4 Qe7 14. e4 dxe4 15. Nxe4 Nxe4 16. Qxe4 0-0 17. c3 Rad8 18. Bxd6 Qxd6 19. Rad1 Rfe8 20. f5 f6 21. fxe6 Rxe6 22. Qh4 Re2 23. Rf2 Rde8 24. Rdf1 Qe6 25. Rxe2 Qxe2 26. Qf2 Qc4 27. Qf5 Qxa2 0-1

[Event "Kstovo"]
[Site "Kstovo"]
[Date "2011.09.08"]
[Round "6"]
[White "Podshibikhin, Yuri"]
[Black "Teterin, Sergey"]
[Result "0-1"]
[WhiteElo "2031"]
[BlackElo "2094"]
[PlyCount "32"]
[EventDate "2011.09.03"]
[EventType "tourn"]
[EventRounds "9"]
[EventCountry "RUS"]
[SourceTitle "EXT 2013"]
[Source "ChessBase"]
[SourceDate "2012.11.22"]
[SourceVersion "1"]
[SourceVersionDate "2012.11.22"]
[SourceQuality "1"]

1. Nf3 d5 2. d4 Nf6 3. e3 c6 4. Bd3 Bg4 5. Nbd2 e6 6. c3 Be7 7. e4 dxe4 8. Nxe4 Nxe4 9. Bxe4 Nd7 10. h3 Bh5 11. Qe2 Bg6 12. Bxg6 hxg6 13. Bf4 Nf6 14. 0-0-0 Qa5 15. Kb1 Qf5+ 16. Ka1 Qxf4 0-1

[Event "Kstovo"]
[Site "Kstovo"]
[Date "2011.09.05"]
[Round "3"]
[White "Matveev, Mikhail1111"]
[Black "Teterin, Sergey"]
[Result "1-0"]
[WhiteElo "2118"]
[BlackElo "2094"]
[PlyCount "44"]
[EventDate "2011.09.03"]
[EventType "tourn"]
[EventRounds "9"]
[EventCountry "RUS"]
[SourceTitle "EXT 2013"]
[Source "ChessBase"]
[SourceDate "2012.11.22"]
[SourceVersion "1"]
[SourceVersionDate "2012.11.22"]
[SourceQuality "1"]

1. Nf3 d5 2. g3 c6 3. Bg2 Bg4 4. c4 e6 5. Qb3 Qb6 6. Nc3 Qxb3 7. axb3 Nd7 8. d4 Ngf6 9. Bf4 Be7 10. Ne5 Nxe5 11. Bxe5 Bf5 12. c5 0-0 13. f3 Nd7 14. e4 Bg6 15. Bd6 Bxd6 16. cxd6 dxe4 17. fxe4 e5 18. 0-0-0 exd4 19. Rxd4 f6 20. b4 Rfe8 21. Na4 b6 22. Kd2 Re5 1-0

[Event "Kstovo"]
[Site "Kstovo"]
[Date "2011.09.04"]
[Round "2"]
[White "Teterin, Sergey"]
[Black "Senin, Sergey"]
[Result "0-1"]
[WhiteElo "2094"]
[BlackElo "2161"]
[PlyCount "52"]
[EventDate "2011.09.03"]
[EventType "tourn"]
[EventRounds "9"]
[EventCountry "RUS"]
[SourceTitle "EXT 2013"]
[Source "ChessBase"]
[SourceDate "2012.11.22"]
[SourceVersion "1"]
[SourceVersionDate "2012.11.22"]
[SourceQuality "1"]

1. e4 e6 2. d4 c5 3. d5 exd5 4. exd5 d6 5. Nf3 Be7 6. c4 Nf6 7. Bd3 0-0 8. 0-0 Bg4 9. Nc3 Nbd7 10. Be2 Re8 11. h3 Bh5 12. Bf4 Bf8 13. Re1 a6 14. Ng5 Bg6 15. Bf3 Rxe1+ 16. Qxe1 Qb6 17. Qd2 Re8 18. h4 h6 19. Nh3 Ne5 20. Bxe5 dxe5 21. b3 Bd6 22. Be2 Qc7 23. g4 e4 24. h5 e3 25. fxe3 Bh2+ 26. Kf1 Qg3 0-1

[Event "Kstovo"]
[Site "Kstovo"]
[Date "2011.09.03"]
[Round "1"]
[White "Gorozhanin, Mikhail"]
[Black "Teterin, Sergey"]
[Result "1-0"]
[WhiteElo "2220"]
[BlackElo "2094"]
[PlyCount "41"]
[EventDate "2011.09.03"]
[EventType "tourn"]
[EventRounds "9"]
[EventCountry "RUS"]
[SourceTitle "EXT 2013"]
[Source "ChessBase"]
[SourceDate "2012.11.22"]
[SourceVersion "1"]
[SourceVersionDate "2012.11.22"]
[SourceQuality "1"]

1. d4 d5 2. c4 e6 3. Nc3 Nf6 4. cxd5 exd5 5. Bg5 Be7 6. e3 c6 7. Bd3 0-0 8. Qc2 Re8 9. f3 h6 10. Bf4 Nh5 11. Be5 Nd7 12. f4 Nf8 13. Be2 Nf6 14. Nf3 Ne4 15. Nxe4 dxe4 16. Qxe4 Bb4+ 17. Kf2 f6 18. Bc7 Qd7 19. Qd3 Kh8 20. a3 Qxc7 21. axb4 1-0

[Event "Nizhnij Novgorod Dubinin Memorial 18th"]
[Site "Nizhnij Novgorod"]
[Date "2011.01.03"]
[Round "?"]
[White "Kolesnikov, Lev"]
[Black "Teterin, Sergey"]
[Result "0-1"]
[WhiteElo "1750"]
[BlackElo "2132"]
[PlyCount "30"]
[EventDate "2011.01.03"]
[EventType "swiss"]
[EventRounds "9"]
[EventCountry "RUS"]
[SourceTitle "EXT 2012"]
[Source "ChessBase"]
[SourceDate "2011.11.24"]
[SourceVersion "1"]
[SourceVersionDate "2011.11.24"]
[SourceQuality "1"]

1. e4 e6 2. d4 d5 3. exd5 exd5 4. Bd3 Nf6 5. Ne2 c6 6. c3 Be7 7. 0-0 0-0 8. Bf4 Bd6 9. Nd2 Bg4 10. f3 Bh5 11. Bxd6 Qxd6 12. Ng3 Bg6 13. Bxg6 hxg6 14. Qe2 Nbd7 15. Rae1 Qc7 0-1

[Event "Nizhnij Novgorod Dubinin Memorial 18th"]
[Site "Nizhnij Novgorod"]
[Date "2011.01.03"]
[Round "?"]
[White "Obrezchikov, Mikhail"]
[Black "Teterin, Sergey"]
[Result "1/2-1/2"]
[WhiteElo "1979"]
[BlackElo "2132"]
[PlyCount "22"]
[EventDate "2011.01.03"]
[EventType "swiss"]
[EventRounds "9"]
[EventCountry "RUS"]
[SourceTitle "EXT 2012"]
[Source "ChessBase"]
[SourceDate "2011.11.24"]
[SourceVersion "1"]
[SourceVersionDate "2011.11.24"]
[SourceQuality "1"]

1. d4 d5 2. Nf3 Nf6 3. c4 e6 4. Nc3 Be7 5. e3 0-0 6. Bd3 dxc4 7. Bxc4 c5 8. 0-0 Nc6 9. dxc5 Bxc5 10. Qe2 Qe7 11. a3 a6 1/2-1/2

[Event "Kstovo op"]
[Site "Kstovo"]
[Date "2010.09.10"]
[Round "7"]
[White "Teterin, Sergey"]
[Black "Tkachev, Viacheslav"]
[Result "1-0"]
[WhiteElo "2112"]
[BlackElo "2003"]
[PlyCount "73"]
[EventDate "2010.09.04"]
[EventType "swiss"]
[EventRounds "9"]
[EventCountry "RUS"]
[SourceTitle "EXT 2014"]
[Source "ChessBase"]
[SourceDate "2013.11.20"]
[SourceVersion "1"]
[SourceVersionDate "2013.11.20"]
[SourceQuality "1"]

1. e4 c5 2. Nf3 Nc6 3. Bb5 g6 4. 0-0 Bg7 5. Bxc6 dxc6 6. d3 Nh6 7. Nc3 0-0 8. Bg5 f6 9. Be3 b6 10. d4 cxd4 11. Nxd4 Qc7 12. Qe2 Ng4 13. f4 Nxe3 14. Qxe3 e5 15. fxe5 fxe5 16. Nf3 Ba6 17. Rfd1 Rad8 18. Kh1 Rxd1+ 19. Rxd1 Rd8 20. Rd2 Qe7 21. Qe1 Bf6 22. Qd1 Rxd2 23. Qxd2 Bc4 24. b3 Be6 25. a4 Qd7 26. Qxd7 Bxd7 27. Kg1 Kf7 28. Kf2 Ke6 29. Ke3 Be7 30. Kd3 Kf6 31. Nd1 g5 32. Ne3 Bd8 33. Nc4 Bc7 34. Ne3 h5 35. h3 a6 36. c4 Bd8 37. g4 1-0

[Event "Kstovo op"]
[Site "Kstovo"]
[Date "2010.09.05"]
[Round "2"]
[White "Jevtushenko, VV."]
[Black "Teterin, Sergey"]
[Result "0-1"]
[WhiteElo "1938"]
[BlackElo "2112"]
[PlyCount "52"]
[EventDate "2010.09.04"]
[EventType "swiss"]
[EventRounds "9"]
[EventCountry "RUS"]
[SourceTitle "EXT 2014"]
[Source "ChessBase"]
[SourceDate "2013.11.20"]
[SourceVersion "1"]
[SourceVersionDate "2013.11.20"]
[SourceQuality "1"]

1. c4 e6 2. Nc3 d5 3. d4 Be7 4. Nf3 Nf6 5. e3 0-0 6. Be2 dxc4 7. Bxc4 c5 8. 0-0 Nc6 9. b3 a6 10. Bb2 b5 11. Be2 cxd4 12. exd4 Bb7 13. Qd2 Nb4 14. Rfd1 Nbd5 15. Ne5 Nxc3 16. Qxc3 Rc8 17. Qe3 Nd5 18. Qd2 Bb4 19. Qd3 Nf4 20. Qe3 Nxg2 21. Qg3 Rc2 22. Bf3 Bxf3 23. Nxf3 Rxb2 24. Qxg2 Qd5 25. a3 Bd6 26. b4 Rb3 0-1

[Event "Kstovo Kichigin Memorial op"]
[Site "Kstovo"]
[Date "2010.02.??"]
[Round "1"]
[White "Teterin, Sergey"]
[Black "Gavrilov, Vladimir"]
[Result "1-0"]
[WhiteElo "2112"]
[BlackElo "1759"]
[PlyCount "43"]
[EventDate "2010.02.??"]
[EventType "swiss"]
[EventRounds "9"]
[EventCountry "RUS"]
[SourceTitle "EXT 2014"]
[Source "ChessBase"]
[SourceDate "2013.11.20"]
[SourceVersion "1"]
[SourceVersionDate "2013.11.20"]
[SourceQuality "1"]

1. e4 c5 2. Nf3 e6 3. c3 Nc6 4. d4 d5 5. exd5 Qxd5 6. Be2 Nf6 7. 0-0 Be7 8. Be3 cxd4 9. Nxd4 Nxd4 10. Bxd4 0-0 11. Bf3 Qb5 12. Qb3 Qxb3 13. axb3 a6 14. b4 Nd5 15. Nd2 b5 16. Ne4 Rd8 17. Rfd1 Bb7 18. Bc5 Bxc5 19. Nxc5 Bc8 20. Be2 Kf8 21. Bxb5 Ke7 22. Bxa6 1-0

[Event "Kstovo Hope op"]
[Site "Kstovo"]
[Date "2009.06.22"]
[Round "7"]
[White "Stepanushkin, Alexander"]
[Black "Teterin, Sergey"]
[Result "1-0"]
[WhiteElo "2034"]
[BlackElo "2129"]
[PlyCount "55"]
[EventDate "2009.06.22"]
[EventType "swiss"]
[EventRounds "8"]
[EventCountry "RUS"]
[SourceTitle "EXT 2022"]
[Source "ChessBase"]
[SourceDate "2021.10.06"]
[SourceVersion "1"]
[SourceVersionDate "2021.10.06"]
[SourceQuality "1"]

1. d4 d5 2. Nf3 Nf6 3. Bg5 h6 4. Bxf6 exf6 5. Nc3 c6 6. e4 Be7 7. exd5 cxd5 8. Be2 0-0 9. Qd3 Nc6 10. a3 a6 11. 0-0 b5 12. b4 Bg4 13. Ng5 fxg5 14. Bxg4 Bf6 15. Ne2 Re8 16. c3 Qd6 17. a4 Rab8 18. axb5 axb5 19. Ra6 g6 20. Nc1 h5 21. Bd1 Bd8 22. Nb3 Bc7 23. g3 Nxb4 24. Rxd6 Nxd3 25. Rxd5 g4 26. h3 gxh3 27. Kh2 Nb2 28. Nc5 1-0

[Event "Kstovo Hope op"]
[Site "Kstovo"]
[Date "2009.06.22"]
[Round "5"]
[White "Volkov, Ilya2222"]
[Black "Teterin, Sergey"]
[Result "0-1"]
[WhiteElo "1714"]
[BlackElo "2129"]
[PlyCount "46"]
[EventDate "2009.06.22"]
[EventType "swiss"]
[EventRounds "8"]
[EventCountry "RUS"]
[SourceTitle "EXT 2022"]
[Source "ChessBase"]
[SourceDate "2021.10.06"]
[SourceVersion "1"]
[SourceVersionDate "2021.10.06"]
[SourceQuality "1"]

1. e4 c6 2. d4 d5 3. Nc3 g6 4. h3 Bg7 5. Nf3 Nf6 6. e5 Nfd7 7. Bd3 0-0 8. 0-0 f6 9. exf6 exf6 10. Re1 Re8 11. Bf4 Nf8 12. Qd2 Ne6 13. Bg3 f5 14. Bf1 Nd7 15. Ne2 Nf6 16. Nf4 Ne4 17. Nxe6 Bxe6 18. Qf4 g5 19. Qc7 f4 20. Qxd8 Raxd8 21. Bh2 Bf7 22. h4 g4 23. Ng5 g3 0-1

[Event "Kstovo op"]
[Site "Kstovo"]
[Date "2008.09.12"]
[Round "7"]
[White "Teterin, Sergey"]
[Black "Kozyrev, Daniil"]
[Result "1-0"]
[WhiteElo "2118"]
[BlackElo "2191"]
[PlyCount "43"]
[EventDate "2008.09.06"]
[EventType "swiss"]
[EventRounds "9"]
[EventCountry "RUS"]
[SourceTitle "CBM 126 Extra"]
[Source "ChessBase"]
[SourceDate "2008.11.05"]
[SourceVersion "1"]
[SourceVersionDate "2008.11.05"]
[SourceQuality "1"]

1. e4 Nf6 2. e5 Nd5 3. d4 d6 4. Nf3 Bg4 5. Be2 e6 6. c4 Nb6 7. exd6 cxd6 8. 0-0 Be7 9. Nc3 0-0 10. h4 Bh5 11. Be3 N8d7 12. b3 f5 13. Bf4 Kh8 14. Nb5 Nc8 15. c5 dxc5 16. Nc7 Nd6 17. dxc5 Bf6 18. Rc1 Bxf3 19. Bxf3 e5 20. c6 bxc6 21. Bxc6 exf4 22. Qxd6 1-0

[Event "Kstovo op"]
[Site "Kstovo"]
[Date "2008.09.11"]
[Round "6"]
[White "Teterin, Sergey"]
[Black "Zanozin, Anatoly"]
[Result "0-1"]
[WhiteElo "2118"]
[BlackElo "2132"]
[PlyCount "84"]
[EventDate "2008.09.06"]
[EventType "swiss"]
[EventRounds "9"]
[EventCountry "RUS"]
[SourceTitle "CBM 126 Extra"]
[Source "ChessBase"]
[SourceDate "2008.11.05"]
[SourceVersion "1"]
[SourceVersionDate "2008.11.05"]
[SourceQuality "1"]

1. e4 c5 2. Nf3 Nc6 3. Bb5 a6 4. Bxc6 dxc6 5. 0-0 Bg4 6. d3 e5 7. h3 Bxf3 8. Qxf3 Nf6 9. Nd2 g6 10. Nc4 Qe7 11. Nb6 Rd8 12. Bg5 Bg7 13. Qe3 h6 14. Bxf6 Bxf6 15. b3 Bg5 16. Qe1 Qc7 17. Na4 b6 18. Qc3 0-0 19. Nb2 Rfe8 20. a4 a5 21. Nc4 h5 22. Kh1 Bh6 23. Qe1 Re7 24. f3 Kg7 25. Qh4 Ree8 26. g4 hxg4 27. fxg4 Bf4 28. Kg2 Rh8 29. Qf2 f5 30. exf5 gxf5 31. g5 Rxh3 32. Kxh3 Rh8+ 33. Kg2 Rh2+ 34. Kg1 Rxf2 35. Kxf2 Qd8 36. Rae1 Qd4+ 37. Kg2 b5 38. axb5 cxb5 39. Na3 Qb2 40. Nxb5 Qxc2+ 41. Rf2 Qxb3 42. Nc7 Qb7+ 0-1

[Event "Kstovo op"]
[Site "Kstovo"]
[Date "2008.09.09"]
[Round "4"]
[White "Teterin, Sergey"]
[Black "Svetlov, Dmitry"]
[Result "1/2-1/2"]
[WhiteElo "2118"]
[BlackElo "2306"]
[PlyCount "22"]
[EventDate "2008.09.06"]
[EventType "swiss"]
[EventRounds "9"]
[EventCountry "RUS"]
[SourceTitle "CBM 126 Extra"]
[Source "ChessBase"]
[SourceDate "2008.11.05"]
[SourceVersion "1"]
[SourceVersionDate "2008.11.05"]
[SourceQuality "1"]

1. e4 e5 2. Nf3 Nc6 3. Bb5 f5 4. Nc3 fxe4 5. Nxe4 d5 6. Ng3 e4 7. Ne5 Qf6 8. d4 exd3 9. 0-0 Nge7 10. Re1 dxc2 11. Qxc2 Bd7 1/2-1/2